Объектно-ориентированное программирование: учебник

Bibliografiske detaljer
Hovedforfatter: Иванова Г. С. Галина Сергеевна
Andre forfattere: Ничушкина Т. Н. Татьяна Николаевна (редактор)
Summary:Рассмотрены различные модели объектных средств основных универсальных языков программирования и технология объектно-ориентированного программирования (ООП). Приведены основные теоретические положения ООП и описание реализаций ООП в языке Object Pascal для сред программирования Delphi и Lazarus и в языке С++ для сред программирования С++ Builder и Visual С++ 2008 с использованием кроссплатформенной библиотеки Qt. Рассмотрена специфика создания оконных приложений с использованием современных средств ООП. Для студентов, обучающихся по направлениям подготовки бакалавров «Информатика и вычислительная техника», «Программная инженерия» и «Информационные системы и технологии». Может быть полезен всем, изучающим технологию и средства ООП самостоятельно.
Sprog:russisk
Udgivet: Москва, Изд-во МГТУ, 2014
Fag:
Format: MixedMaterials Bog
KOHA link:https://koha.lib.tpu.ru/cgi-bin/koha/opac-detail.pl?biblionumber=261042

MARC

LEADER 00000nam0a2200000 4500
001 261042
005 20231101233530.0
010 |a 9785703839218 
035 |a (RuTPU)RU\TPU\book\284014 
090 |a 261042 
100 |a 20140520d2014 m y0rusy50 ca 
101 0 |a rus 
102 |a RU 
105 |a a j 001zy 
200 1 |a Объектно-ориентированное программирование  |e учебник  |f Г. С. Иванова, Т. Н. Ничушкина 
210 |a Москва  |c Изд-во МГТУ  |d 2014 
215 |a 456 с.  |c ил. 
320 |a Библиогр.: с. 450. 
320 |a Предметный указатель: с. 451-452. 
330 |a Рассмотрены различные модели объектных средств основных универсальных языков программирования и технология объектно-ориентированного программирования (ООП). Приведены основные теоретические положения ООП и описание реализаций ООП в языке Object Pascal для сред программирования Delphi и Lazarus и в языке С++ для сред программирования С++ Builder и Visual С++ 2008 с использованием кроссплатформенной библиотеки Qt. Рассмотрена специфика создания оконных приложений с использованием современных средств ООП. Для студентов, обучающихся по направлениям подготовки бакалавров «Информатика и вычислительная техника», «Программная инженерия» и «Информационные системы и технологии». Может быть полезен всем, изучающим технологию и средства ООП самостоятельно. 
606 1 |a Программирование объектно-ориентированное  |2 stltpush  |3 (RuTPU)RU\TPU\subj\51783  |9 70348 
610 1 |a теоретические основы 
610 1 |a объектная декомпозиция 
610 1 |a языки программирования 
610 1 |a Object Pascal 
610 1 |a C++ 
610 1 |a среда программирования 
610 1 |a Delphi 
610 1 |a Lazarus 
610 1 |a C++Builder 
610 1 |a Visual C++ 
610 1 |a Qt 
675 |a 004.42(075.8)  |v 4 
700 1 |a Иванова  |b Г. С.  |g Галина Сергеевна 
701 1 |a Ничушкина  |b Т. Н.  |g Татьяна Николаевна 
702 1 |a Иванова  |b Г. С.  |g Галина Сергеевна  |4 340 
801 1 |a RU  |b 63413507  |c 20140520 
801 2 |a RU  |b 63413507  |c 20150630  |g RCR 
900 |a Объектно-ориентированное программирование 
900 |a Языки программирования 
900 |a Программирование для инженеров 
942 |c BK 
951 |b 230100  |b 230400  |b 231000  |l 8.1 
959 |a 86/20140520  |d 2  |e 0  |f ЧЗТЛ:1  |f АНЛ:1